00552nam a2200193 450000500170000000800050001702000230002204000130004504100060005808200300006410000270009424500860012125000080020726000560021530000360027152100220030765000130032970000160034220240827172648.0eng  a9780798141420qhbk aRDAcRDA 2E 24tha658.110968b23 Dewey aArthur G. Claeked1999 acreate your own businessbCreate your own businesscArthur G. Claeke, Tony Grogan a4th aJohannesburg, south africabHuman & Rousseauc1999 a144 Pagesbillustrationsc26 cm aAdult Non-Fiction 2Business aTony Grogan